Diurnum iuxta ritum Sacri Ordinis FF. Praedicatorum reverendissimi Patris F. Josephi Maria Velzi ejusdem ordinis Magistri Vicarii, et Procuratoris Generalis jussu editum

Detalles Bibliográficos
Autor Corporativo: Iglesia Católica
Formato: Libro
Lenguaje:Undetermined
Latin
Publicado: Romae : 1826
Materias:
Colección:Banco de datos
Acervo:Monasterio de Santa Catalina de Siena de la Orden de Santo Domingo de Puebla. Puebla
Descripción Física:[10] h., 240 p. : il. ; 8º
Tema general:Biblia
Notas:Incluye una ilustración en grabado calcográfico
LEADER 00810nam a2200169Ia 4500
008 150723s9999 xx 000 0 und d
041 0 |a lat 
110 1 |a Iglesia Católica 
245 1 0 |a Diurnum iuxta ritum Sacri Ordinis FF. Praedicatorum reverendissimi Patris F. Josephi Maria Velzi ejusdem ordinis Magistri Vicarii, et Procuratoris Generalis jussu editum 
260 |a Romae :   |b excudebat Joseph Salviucci typographus,   |c 1826 
300 |a [10] h., 240 p.   |b  : il.  |c  ; 8º 
500 |a Incluye una ilustración en grabado calcográfico  
650 1 0 |a Biblia  
949 |a Monasterio de Santa Catalina de Siena y Santa Ana del Convento de Dominicas del Estado de Puebla: 115 
942 |c DOMPUE 
943 |g Monasterio de Santa Catalina de Siena de la Orden de Santo Domingo de Puebla. Puebla 
999 |c 1104874  |d 1104874